Statistics for Countries Closest to Ukraine - 30 Second Sprint

Click here to take the quiz!

General Stats

  • This quiz has been taken 79 times
  • The average score is 9 of 20

Answer Stats

kmCountrymiles% Correct
0Russia0
98%
0Moldova0
83%
0Romania0
83%
0Belarus0
78%
0Poland0
78%
0Hungary0
67%
148Bulgaria92
66%
0Slovakia0
62%
365Turkey227
47%
220Lithuania136
45%
285Serbia177
40%
467Latvia290
36%
432Greece269
34%
264Czech Republic164
28%
417Georgia259
24%
436Bosnia and
Herzegovina
271
22%
469Slovenia252
19%
372Austria231
17%
368Croatia229
14%
468Kazakhstan291
5%

Score Distribution

Percentile by Number Answered

Percent of People with Each Score

Your Score History

You have not taken this quiz